Bài giảng chăn nuôi thỏ
Bài giảng trình bày những hiểu biết chung về nghề nuôi thỏ, giống và công tác giống, dinh dưỡng và thức ăn của thỏ.
Gorde:
| Egile nagusia: | |
|---|---|
| Formatua: | Liburua |
| Hizkuntza: | Undetermined |
| Argitaratua: |
Cần Thơ
Trường Đại học Cần Thơ
2000
|
| Gaiak: | |
| Etiketak: |
Etiketa erantsi
Etiketarik gabe, Izan zaitez lehena erregistro honi etiketa jartzen!
|
| Thư viện lưu trữ: | Trung tâm Học liệu Trường Đại học Cần Thơ |
|---|
| LEADER | 00796nam a2200193Ia 4500 | ||
|---|---|---|---|
| 001 | CTU_39131 | ||
| 008 | 210402s9999 xx 000 0 und d | ||
| 082 | |a 636.9322 | ||
| 082 | |b Th500 | ||
| 100 | |a Nguyễn, Văn Thu | ||
| 245 | 0 | |a Bài giảng chăn nuôi thỏ | |
| 245 | 0 | |c Nguyễn Văn Thu, Hồ Quảng Đồ | |
| 260 | |a Cần Thơ | ||
| 260 | |b Trường Đại học Cần Thơ | ||
| 260 | |c 2000 | ||
| 520 | |a Bài giảng trình bày những hiểu biết chung về nghề nuôi thỏ, giống và công tác giống, dinh dưỡng và thức ăn của thỏ. | ||
| 650 | |a Rabbits | ||
| 904 | |i Mai chuyển số PL từ 636.93 thành 636.9322 chưa in nhãn | ||
| 980 | |a Trung tâm Học liệu Trường Đại học Cần Thơ | ||